| Поле | Инд. | ПП | Название | Значение |
|---|---|---|---|---|
| Тип записи | a | |||
| Библиографический уровень | m | |||
| 001 | Контрольный номер | 22882601-05c3-4f56-abb0-dc9bfed7b28a | ||
| 005 | Дата корректировки | 20220707095801.5 | ||
| 008 | Кодируемые данные | 990402 d | ||
| 020 | a | ISBN | 5-89493-001-4 | |
| 080 | a | Индекс УДК | 1(73)(092) | |
| a | Индекс УДК | 929Рорти | ||
| 084 | a | Индекс другой классификации/Индекс ББК | Ю3(7США)62-63 | |
| 090 | x | Авторский знак | Ф 56 | |
| a | Полочн. индекс | Ю3(7США) | ||
| 245 | 10 | a | Заглавие | Философский прагматизм Ричарда Рорти и российский контекст |
| b | Продолж. заглавия | сборник | ||
| c | Ответственность | РАН, Институт философии ; ответственный редактор А. Рубцов ; составитель А. А. Сыродеева | ||
| 260 | 0_ | a | Место издания | Москва |
| b | Издательство | Традиция | ||
| c | Дата издания | 1997 | ||
| 300 | a | Объем | 285,[1] с. | |
| 583 | x | Служебное примечание | 21136 | |
| 653 | 0_ | a | Ключевые слова | Рорти Ричард |
| a | Ключевые слова | Американская философия | ||
| a | Ключевые слова | Философия США | ||
| a | Ключевые слова | 20 в. | ||
| a | Ключевые слова | США | ||
| a | Ключевые слова | История философии | ||
| 700 | 1_ | a | Другие авторы | Рорти Ричард |
| e | Роль лиц | авт. | ||
| t | Заглавие произведения | Релятивизм: найденное и сделанное. Еще один возможный мир | ||
| 700 | 1_ | a | Другие авторы | Рубцов Александр В. |
| e | Роль лиц | ред. | ||
| 700 | 1_ | a | Другие авторы | Сыродеева А.А. |
| e | Роль лиц | сост. | ||
| 852 | 41 | i | Расстановочный признак | Проверка 2022 |
| 901 | t | Тип документа | m | |
| 920 | a | Оператор | Семен | |
| a | Оператор | Суха | ||
| 930 | a | Новая/Ретро | ретро | |
| 952 | c | Вид литературы | К рн | |
| 954 | a | Дата поступления на обработку | 17.11.97 | |
| e | Дата перешифровки | 20220207 | ||
| 954 | a | Дата поступления на обработку | 20220707 |